| 000 | 00729nam a22002057a 4500 | ||
|---|---|---|---|
| 999 |
_c17832 _d17832 |
||
| 003 | AR-CdUCM | ||
| 008 | 190509b ||||| |||| 00| 0 spa d | ||
| 040 |
_aMUNICIPALIDAD PROVINCIAL DEL CUSCO _cBIBLIOTECA MUNICIPAL DEL CUSCO |
||
| 082 |
_a923.946 / _bL96 |
||
| 100 |
_aLummis, Charles F. _938012 |
||
| 245 | _aLos exploradores Españoles del siglo XVI / | ||
| 260 |
_aMéxico : _bEditora nacional, _c1959. |
||
| 300 |
_a317 páginas ; _c17 cm. |
||
| 505 | _aContenido: La nacion exploradora -- Geografía embrollada -- Colon el descubridor -- Haciendo geografía... | ||
| 650 |
_aExploradores españoles _938013 |
||
| 650 |
_aBiografias _9148 |
||
| 650 |
_aEspaña _9176 |
||
| 942 |
_2ddc _cLIBROS |
||
| 945 |
_adavv _d2019-05-09 |
||